000 00476nam a2200145Ia 4500
008 190228s9999 xx 000 0 und d
020 _a9781259642173
100 _aSchachter, Lou.
245 _cLou Schachter, Rick Cheatham.--
_aSelling vision :
_bthe X-XY-Y formula for driving results by selling challenge /
260 _aUSA :
_bMcGraw-Hill Education
_c2016
300 _avi, 247 pages.
500 _aIncludes indexes.
650 _aSales management.
650 _aSelling.
999 _c361327
_d361327